[Event "British Columbia-ch U20"]
[Site "Richmond CAN"]
[Date "2017.11.11"]
[Round "1.3"]
[White "Hemstapat, Andrew"]
[Black "Taylor, Tristan"]
[Result "1-0"]
[WhiteElo "2098"]
[BlackElo "1592"]
[WhiteFideId "-1"]
[WhiteFideId "-1"]
[PlyCount "75"]
[GameId "2160767908308955"]
[EventDate "2017.11.11"]
[EventType "swiss"]
[EventRounds "5"]
[EventCountry "CAN"]
[SourceTitle "EXT 2022"]
[Source "ChessBase"]
[SourceDate "2021.10.06"]
[SourceVersion "1"]
[SourceVersionDate "2021.10.06"]
[SourceQuality "1"]

1. e4 c6 2. d4 d5 3. e5 c5 4. c3 Nc6 5. Nf3 Bg4 6. dxc5 e6 7. Be3 Bxf3 8. Qxf3 Nxe5 9. Qg3 Ng6 10. Bb5+ Ke7 11. Nd2 Nh6 12. Bd3 f6 13. f4 f5 14. h4 Kf7 15. h5 Ne7 16. Nf3 Qc8 17. Ne5+ Kg8 18. Bb5 Nc6 19. Bxc6 bxc6 20. O-O Nf7 21. Nd3 Nh6 22. Bd4 Qe8 23. Rae1 a5 24. Re2 Ra7 25. Rfe1 Re7 26. Nf2 Nf7 27. Nh3 h6 28. a4 Nd8 29. Qf3 Rb7 30. Nf2 Rh7 31. Nd3 g5 32. hxg6 Qxg6 33. Ne5 Qe8 34. Qh3 h5 35. Nf3 Bg7 36. Qxf5 Rf7 37. Qg5 Rf5 38. Qxf5 1-0

[Event "British Columbia-ch U20"]
[Site "Richmond CAN"]
[Date "2017.11.11"]
[Round "1.4"]
[White "Leong, Ryan"]
[Black "Richardson, Kai"]
[Result "0-1"]
[WhiteElo "1589"]
[BlackElo "2068"]
[WhiteFideId "-1"]
[WhiteFideId "-1"]
[PlyCount "48"]
[GameId "2160767908308956"]
[EventDate "2017.11.11"]
[EventType "swiss"]
[EventRounds "5"]
[EventCountry "CAN"]
[SourceTitle "EXT 2022"]
[Source "ChessBase"]
[SourceDate "2021.10.06"]
[SourceVersion "1"]
[SourceVersionDate "2021.10.06"]
[SourceQuality "1"]

1. Nf3 Nf6 2. g3 d5 3. Bg2 e6 4. O-O Bd6 5. d3 O-O 6. Nc3 Nbd7 7. e4 c6 8. d4 dxe4 9. Ng5 Bb4 10. Qe2 Nb6 11. Ncxe4 Nbd5 12. c4 Nxe4 13. Nxh7 Kxh7 14. Bxe4+ f5 15. cxd5 fxe4 16. Qxe4+ Kg8 17. dxe6 Qe7 18. a3 Ba5 19. d5 cxd5 20. Qxd5 Bb6 21. Bg5 Qxe6 22. Qd2 Qb3 23. Be7 Bh3 24. Bxf8 Qf3 0-1

[Event "British Columbia-ch U20"]
[Site "Richmond CAN"]
[Date "2017.11.11"]
[Round "1.5"]
[White "Zhou, Aiden"]
[Black "Bremner, William"]
[Result "1-0"]
[WhiteElo "1942"]
[BlackElo "1547"]
[WhiteFideId "-1"]
[WhiteFideId "-1"]
[PlyCount "45"]
[GameId "2160767908308957"]
[EventDate "2017.11.11"]
[EventType "swiss"]
[EventRounds "5"]
[EventCountry "CAN"]
[SourceTitle "EXT 2022"]
[Source "ChessBase"]
[SourceDate "2021.10.06"]
[SourceVersion "1"]
[SourceVersionDate "2021.10.06"]
[SourceQuality "1"]

1. d4 Nf6 2. Bg5 c6 3. Bxf6 exf6 4. c4 d5 5. e3 dxc4 6. Bxc4 Be7 7. Nc3 O-O 8. Nf3 Qb6 9. Qc2 Bg4 10. h3 Bh5 11. Nh4 Nd7 12. g4 Bg6 13. Nxg6 hxg6 14. O-O-O Qb4 15. Bb3 a5 16. a3 Qb6 17. h4 Rfd8 18. Na4 Qc7 19. Qxg6 Rf8 20. h5 Kh8 21. Bxf7 Rxf7 22. Qxf7 Bf8 23. Nc5 1-0

[Event "British Columbia-ch U20"]
[Site "Richmond CAN"]
[Date "2017.11.11"]
[Round "1.6"]
[White "Wang, Jerry"]
[Black "Doknjas, Neil"]
[Result "0-1"]
[WhiteElo "1521"]
[BlackElo "1918"]
[WhiteFideId "-1"]
[WhiteFideId "-1"]
[PlyCount "104"]
[GameId "2160767908308958"]
[EventDate "2017.11.11"]
[EventType "swiss"]
[EventRounds "5"]
[EventCountry "CAN"]
[SourceTitle "EXT 2022"]
[Source "ChessBase"]
[SourceDate "2021.10.06"]
[SourceVersion "1"]
[SourceVersionDate "2021.10.06"]
[SourceQuality "1"]

1. e4 c5 2. Nf3 d6 3. d4 cxd4 4. Nxd4 Nf6 5. Nc3 a6 6. Be2 e5 7. Nb3 Be7 8. O-O O-O 9. Be3 Be6 10. f3 d5 11. exd5 Nxd5 12. Nxd5 Bxd5 13. c4 Be6 14. Qc2 Qc7 15. Bd3 f5 16. Rfe1 Nc6 17. a3 Rad8 18. Nc5 Nd4 19. Bxd4 Bxc5 20. Bxc5 Qxc5+ 21. Kh1 Rd4 22. b4 Qd6 23. Rad1 Rd8 24. Be2 Rd2 25. c5 Rxc2 26. cxd6 Rc6 27. Kg1 Rcxd6 28. Rxd6 Rxd6 29. Bf1 Kf7 30. Rxe5 Rd1 31. Kf2 Ra1 32. Rc5 Ra2+ 33. Kg3 g5 34. Rc7+ Kg6 35. h3 Bd5 36. Rc3 h5 37. Rd3 f4+ 38. Kh2 Bc6 39. Rc3 g4 40. hxg4 hxg4 41. Kg1 g3 42. Bd3+ Kf6 43. Kf1 Ke5 44. Bxa6 Bxf3 45. Rxf3 bxa6 46. Rb3 Ke4 47. Rf3 Ra1+ 48. Ke2 Rg1 49. Rc3 Rxg2+ 50. Kf1 Rd2 51. a4 f3 52. Rc1 Rh2 0-1

[Event "British Columbia-ch U20"]
[Site "Richmond CAN"]
[Date "2017.11.11"]
[Round "1.7"]
[White "Wu, Lucian"]
[Black "Xu, Andrew"]
[Result "1-0"]
[WhiteElo "1838"]
[BlackElo "1450"]
[WhiteFideId "-1"]
[WhiteFideId "-1"]
[PlyCount "69"]
[GameId "2160767908308959"]
[EventDate "2017.11.11"]
[EventType "swiss"]
[EventRounds "5"]
[EventCountry "CAN"]
[SourceTitle "EXT 2022"]
[Source "ChessBase"]
[SourceDate "2021.10.06"]
[SourceVersion "1"]
[SourceVersionDate "2021.10.06"]
[SourceQuality "1"]

1. d4 Nf6 2. c4 g6 3. Nc3 d5 4. cxd5 Nxd5 5. e4 Nxc3 6. bxc3 Bg7 7. Nf3 O-O 8. Be2 c5 9. O-O Nc6 10. Be3 Bg4 11. e5 Qa5 12. Rc1 Rfd8 13. Qb3 Rab8 14. Rfd1 Qc7 15. Ng5 Bxe2 16. Qxf7+ Kh8 17. Ne6 Rg8 18. Nxc7 Rbf8 19. Qb3 Bxd1 20. Rxd1 cxd4 21. cxd4 b6 22. Ne6 Rc8 23. Ng5 h6 24. Ne6 Na5 25. Qd3 Kh7 26. f4 Nc6 27. f5 Bf8 28. fxg6+ Rxg6 29. Nf4 Nxe5 30. dxe5 Rcc6 31. e6 Rcxe6 32. Nxe6 Bg7 33. Nf4 e5 34. Qxg6+ Kg8 35. Rd8# 1-0

[Event "British Columbia-ch U20"]
[Site "Richmond CAN"]
[Date "2017.11.11"]
[Round "1.8"]
[White "Sun, Elvin"]
[Black "Gu, Chuyang"]
[Result "1-0"]
[WhiteElo "1428"]
[BlackElo "1830"]
[WhiteFideId "-1"]
[WhiteFideId "-1"]
[PlyCount "109"]
[GameId "2160767908308960"]
[EventDate "2017.11.11"]
[EventType "swiss"]
[EventRounds "5"]
[EventCountry "CAN"]
[SourceTitle "EXT 2022"]
[Source "ChessBase"]
[SourceDate "2021.10.06"]
[SourceVersion "1"]
[SourceVersionDate "2021.10.06"]
[SourceQuality "1"]

1. e4 c5 2. Nf3 d6 3. Bb5+ Nd7 4. c3 Ngf6 5. d3 a6 6. Ba4 g6 7. Nbd2 Bg7 8. O-O b5 9. Bc2 Bb7 10. Re1 O-O 11. Nf1 Rc8 12. Ng3 Qb6 13. h3 Rfd8 14. Be3 Nf8 15. Qe2 N6d7 16. Red1 b4 17. d4 bxc3 18. bxc3 Qa5 19. Bd2 cxd4 20. cxd4 Qb6 21. Rab1 Qc7 22. Rbc1 Qb8 23. Bb3 Qa8 24. Ng5 e6 25. Bb4 h6 26. Nf3 Nf6 27. Nd2 a5 28. Rxc8 Bxc8 29. Ba3 Ba6 30. Bc4 Bxc4 31. Qxc4 Rc8 32. Qb3 h5 33. f3 Qa6 34. Nb1 N8d7 35. Nc3 Bh6 36. Kf2 Rc6 37. Nf1 Nb6 38. Ne3 Nfd7 39. d5 Bxe3+ 40. Kxe3 exd5 41. Nxd5 Nc4+ 42. Kf2 Qa7+ 43. Kg3 Kh7 44. Ne7 Qa6 45. Nxc6 Qxc6 46. Rc1 Ndb6 47. Bb2 Qc7 48. Bd4 d5+ 49. Kf2 dxe4 50. Bxb6 Qxb6+ 51. Qxb6 Nxb6 52. fxe4 Kg7 53. Rc5 a4 54. Ra5 Kf6 55. Ra6 1-0

[Event "British Columbia-ch U20"]
[Site "Richmond CAN"]
[Date "2017.11.11"]
[Round "1.9"]
[White "Zheng, Victor"]
[Black "Singh, Gurbaz"]
[Result "1/2-1/2"]
[WhiteElo "1814"]
[BlackElo "1425"]
[WhiteFideId "-1"]
[WhiteFideId "-1"]
[PlyCount "70"]
[GameId "2160767908308961"]
[EventDate "2017.11.11"]
[EventType "swiss"]
[EventRounds "5"]
[EventCountry "CAN"]
[SourceTitle "EXT 2022"]
[Source "ChessBase"]
[SourceDate "2021.10.06"]
[SourceVersion "1"]
[SourceVersionDate "2021.10.06"]
[SourceQuality "1"]

1. Nf3 Nf6 2. c4 c5 3. g3 e6 4. Bg2 Be7 5. O-O O-O 6. Nc3 Nc6 7. d4 d5 8. e3 Qc7 9. cxd5 exd5 10. dxc5 Rd8 11. Nd4 Bxc5 12. Nce2 Bg4 13. Qa4 a6 14. a3 Qd7 15. b4 Nxd4 16. Qxd7 Nxe2+ 17. Kh1 Bxd7 18. bxc5 Bb5 19. Bb2 Nxg3+ 20. hxg3 Bxf1 21. Rxf1 Rac8 22. Bd4 Rc7 23. Rb1 Ne4 24. Bxe4 dxe4 25. Rb6 Rdd7 26. Kg2 Rc6 27. Rb1 f5 28. Kf1 Kf7 29. Ke2 Rh6 30. Be5 g5 31. Bd6 Ke6 32. a4 Kd5 33. a5 Rhxd6 34. cxd6 Kxd6 35. Rb6+ Ke7 1/2-1/2

[Event "British Columbia-ch U20"]
[Site "Richmond CAN"]
[Date "2017.11.12"]
[Round "2.1"]
[White "Zhou, Aiden"]
[Black "Doknjas, John"]
[Result "1/2-1/2"]
[WhiteElo "1942"]
[BlackElo "2276"]
[WhiteFideId "-1"]
[WhiteFideId "-1"]
[PlyCount "48"]
[GameId "2160767908308962"]
[EventDate "2017.11.11"]
[EventType "swiss"]
[EventRounds "5"]
[EventCountry "CAN"]
[SourceTitle "EXT 2022"]
[Source "ChessBase"]
[SourceDate "2021.10.06"]
[SourceVersion "1"]
[SourceVersionDate "2021.10.06"]
[SourceQuality "1"]

1. d4 Nf6 2. c4 c5 3. d5 e6 4. Nc3 exd5 5. cxd5 d6 6. e4 g6 7. Nge2 Bg7 8. Ng3 O-O 9. Be2 a6 10. a4 Re8 11. Bg5 h6 12. Be3 h5 13. Bg5 Qb6 14. Qd2 Nh7 15. a5 Qc7 16. Bh4 f6 17. f4 Qe7 18. e5 dxe5 19. d6 Qd8 20. Nge4 exf4 21. O-O g5 22. Bf2 h4 23. Bc4+ Kh8 24. Nxc5 h3 1/2-1/2

[Event "British Columbia-ch U20"]
[Site "Richmond CAN"]
[Date "2017.11.12"]
[Round "2.2"]
[White "Doknjas, Joshua"]
[Black "Wu, Lucian"]
[Result "1-0"]
[WhiteElo "2259"]
[BlackElo "1838"]
[WhiteFideId "-1"]
[WhiteFideId "-1"]
[PlyCount "109"]
[GameId "2160767908308963"]
[EventDate "2017.11.11"]
[EventType "swiss"]
[EventRounds "5"]
[EventCountry "CAN"]
[SourceTitle "EXT 2022"]
[Source "ChessBase"]
[SourceDate "2021.10.06"]
[SourceVersion "1"]
[SourceVersionDate "2021.10.06"]
[SourceQuality "1"]

1. e4 e5 2. Nf3 Nc6 3. Bc4 Nf6 4. d3 Be7 5. O-O O-O 6. Re1 d6 7. a4 h6 8. c3 Nh7 9. a5 a6 10. Be3 Ng5 11. Nbd2 Bg4 12. h3 Bh5 13. Kh2 Nxf3+ 14. Nxf3 Bxf3 15. Qxf3 Bg5 16. Qh5 Bxe3 17. Rxe3 Qe7 18. Qg4 Kh8 19. Rg3 Qf6 20. Rf3 Qe7 21. Rg3 Qf6 22. b4 Nd8 23. Qd7 Qxf2 24. Qxc7 Qf4 25. Qxd6 Nc6 26. Qd7 h5 27. Qf5 g6 28. Qxf4 exf4 29. Rg5 Ne7 30. Re5 Nc6 31. Rd5 Rab8 32. Rf1 Kg7 33. Rxf4 Kh6 34. d4 Rbe8 35. Rd7 g5 36. Rf6+ Kg7 37. Rdxf7+ Rxf7 38. Rxf7+ Kg6 39. e5 Nd8 40. Rc7 g4 41. h4 Kf5 42. Bd3+ Kf4 43. Bg6 Rg8 44. g3+ Kf3 45. Bxh5 Rf8 46. d5 Rf5 47. Rd7 Rxh5 48. Rxd8 Rxe5 49. Rf8+ Ke3 50. Rf4 Rxd5 51. Rxg4 Rd3 52. c4 Rd6 53. Rf4 Rd7 54. Kh3 Rc7 55. h5 1-0

[Event "British Columbia-ch U20"]
[Site "Richmond CAN"]
[Date "2017.11.12"]
[Round "2.3"]
[White "Doknjas, Neil"]
[Black "Hemstapat, Andrew"]
[Result "0-1"]
[WhiteElo "1918"]
[BlackElo "2098"]
[WhiteFideId "-1"]
[WhiteFideId "-1"]
[PlyCount "74"]
[GameId "2160767908308964"]
[EventDate "2017.11.11"]
[EventType "swiss"]
[EventRounds "5"]
[EventCountry "CAN"]
[SourceTitle "EXT 2022"]
[Source "ChessBase"]
[SourceDate "2021.10.06"]
[SourceVersion "1"]
[SourceVersionDate "2021.10.06"]
[SourceQuality "1"]

1. e4 e6 2. d4 d5 3. Nc3 Nf6 4. Bg5 Be7 5. e5 Nfd7 6. Bxe7 Qxe7 7. f4 a6 8. Nf3 c5 9. dxc5 Nxc5 10. Qd2 Nc6 11. a3 b5 12. b4 Ne4 13. Nxe4 dxe4 14. Ng5 f5 15. exf6 Qxf6 16. c3 O-O 17. g3 Bb7 18. Qe3 Ne7 19. Qd4 h6 20. Qxf6 Rxf6 21. Nh3 Rc8 22. Rc1 Bd5 23. a4 e3 24. Rg1 Bc4 25. axb5 Bxf1 26. Rxf1 axb5 27. Ke2 Nd5 28. Kd3 Rf7 29. Ng1 Rd7 30. Ne2 Rc4 31. Nd4 e2 32. Kxe2 Nxc3+ 33. Ke3 Nd5+ 34. Ke4 Nf6+ 35. Ke5 Rcxd4 36. Kxe6 R4d6+ 37. Kf5 Kf7 0-1

[Event "British Columbia-ch U20"]
[Site "Richmond CAN"]
[Date "2017.11.12"]
[Round "2.4"]
[White "Richardson, Kai"]
[Black "Sun, Elvin"]
[Result "1-0"]
[WhiteElo "2068"]
[BlackElo "1428"]
[WhiteFideId "-1"]
[WhiteFideId "-1"]
[PlyCount "105"]
[GameId "2160767908308965"]
[EventDate "2017.11.11"]
[EventType "swiss"]
[EventRounds "5"]
[EventCountry "CAN"]
[SourceTitle "EXT 2022"]
[Source "ChessBase"]
[SourceDate "2021.10.06"]
[SourceVersion "1"]
[SourceVersionDate "2021.10.06"]
[SourceQuality "1"]

1. e4 e5 2. Nf3 Nc6 3. Bb5 a6 4. Ba4 Nf6 5. O-O d6 6. d3 b5 7. Bb3 Na5 8. h3 Be7 9. c3 Nxb3 10. axb3 Bb7 11. Re1 O-O 12. b4 c6 13. Nbd2 Qc7 14. d4 Rad8 15. Nf1 c5 16. bxc5 exd4 17. cxd6 Bxd6 18. e5 Bxe5 19. Nxe5 dxc3 20. Qb3 cxb2 21. Bxb2 Qb6 22. Ng3 a5 23. Nf5 Bd5 24. Ne7+ Kh8 25. Nxd5 Nxd5 26. Rad1 a4 27. Qf3 Nf6 28. Rxd8 Qxd8 29. Ba3 Qa5 30. Rc1 b4 31. Bb2 a3 32. Ba1 Qd5 33. Qxd5 Nxd5 34. Rc5 f6 35. Rxd5 fxe5 36. Rb5 Kg8 37. Rxb4 Rc8 38. Bxe5 a2 39. Ra4 Rc1+ 40. Kh2 Rc2 41. Kg3 g6 42. Ra7 Re2 43. Bf4 Kf8 44. Kf3 Rc2 45. Be3 Ke8 46. Ke4 Kd8 47. Kd3 Rb2 48. Bd4 Rb3+ 49. Kc4 Rb8 50. Rxa2 Rc8+ 51. Kd5 Rc1 52. Ra7 Kc8 53. Rxh7 1-0

[Event "British Columbia-ch U20"]
[Site "Richmond CAN"]
[Date "2017.11.12"]
[Round "2.5"]
[White "Yang, Brian"]
[Black "Zheng, Victor"]
[Result "1/2-1/2"]
[WhiteElo "1400"]
[BlackElo "1814"]
[WhiteFideId "-1"]
[WhiteFideId "-1"]
[PlyCount "84"]
[GameId "2160767908308966"]
[EventDate "2017.11.11"]
[EventType "swiss"]
[EventRounds "5"]
[EventCountry "CAN"]
[SourceTitle "EXT 2022"]
[Source "ChessBase"]
[SourceDate "2021.10.06"]
[SourceVersion "1"]
[SourceVersionDate "2021.10.06"]
[SourceQuality "1"]

1. e4 c5 2. d3 d6 3. Nc3 Nc6 4. g3 g6 5. Be3 Bg7 6. Qd2 e6 7. Bg2 Nge7 8. Bh6 O-O 9. Bxg7 Kxg7 10. f4 f5 11. Nf3 Nd4 12. Ne2 Nec6 13. O-O Qf6 14. c3 Nxf3+ 15. Bxf3 Bd7 16. Rad1 Rad8 17. d4 b6 18. e5 dxe5 19. dxe5 Qf7 20. Nc1 Ne7 21. Qg2 Bb5 22. Rfe1 h6 23. b3 c4 24. a4 Bd7 25. Rd4 cxb3 26. Nxb3 g5 27. Red1 g4 28. Bb7 Nd5 29. Bxd5 exd5 30. a5 Be6 31. axb6 axb6 32. c4 dxc4 33. Rxd8 Rxd8 34. Rxd8 cxb3 35. Rb8 Bd5 36. Qf2 Qc7 37. Rxb6 Qc1+ 38. Qf1 Qe3+ 39. Qf2 Qc1+ 40. Qf1 Qe3+ 41. Qf2 Qc1+ 42. Qf1 Qe3+ 1/2-1/2

[Event "British Columbia-ch U20"]
[Site "Richmond CAN"]
[Date "2017.11.12"]
[Round "2.6"]
[White "Singh, Gurbaz"]
[Black "Zhu, Brandon"]
[Result "0-1"]
[WhiteElo "1425"]
[BlackElo "2084"]
[WhiteFideId "-1"]
[WhiteFideId "-1"]
[PlyCount "46"]
[GameId "2160767908308967"]
[EventDate "2017.11.11"]
[EventType "swiss"]
[EventRounds "5"]
[EventCountry "CAN"]
[SourceTitle "EXT 2022"]
[Source "ChessBase"]
[SourceDate "2021.10.06"]
[SourceVersion "1"]
[SourceVersionDate "2021.10.06"]
[SourceQuality "1"]

1. d4 Nf6 2. c4 g6 3. Nc3 Bg7 4. e4 d6 5. h3 O-O 6. Nf3 e5 7. d5 Nh5 8. g3 Na6 9. Bg5 Qe8 10. Be2 f6 11. Be3 f5 12. Nh4 Nf6 13. Bd3 f4 14. gxf4 exf4 15. Bc1 Nc5 16. Qe2 Bd7 17. Bc2 Qe7 18. Nf3 Rae8 19. Nd2 a5 20. Kf1 Nh5 21. Ke1 Kh8 22. Rb1 f3 23. Qe3 Nf4 0-1

[Event "British Columbia-ch U20"]
[Site "Richmond CAN"]
[Date "2017.11.12"]
[Round "2.7"]
[White "Gu, Chuyang"]
[Black "Leong, Ryan"]
[Result "1-0"]
[WhiteElo "1830"]
[BlackElo "1589"]
[WhiteFideId "-1"]
[WhiteFideId "-1"]
[PlyCount "77"]
[GameId "2160767908308968"]
[EventDate "2017.11.11"]
[EventType "swiss"]
[EventRounds "5"]
[EventCountry "CAN"]
[SourceTitle "EXT 2022"]
[Source "ChessBase"]
[SourceDate "2021.10.06"]
[SourceVersion "1"]
[SourceVersionDate "2021.10.06"]
[SourceQuality "1"]

1. e4 c5 2. Nf3 e6 3. d4 cxd4 4. Nxd4 a6 5. Bd3 Nc6 6. Nxc6 bxc6 7. O-O Be7 8. Qe2 Bb7 9. Be3 Nf6 10. Nd2 d5 11. e5 Nd7 12. f4 Bc5 13. Bxc5 Nxc5 14. f5 Bc8 15. Qg4 Nxd3 16. Qxg7 Qb6+ 17. Kh1 Rf8 18. cxd3 exf5 19. Nb3 Be6 20. Qg5 c5 21. Qe3 d4 22. Qh6 Rg8 23. Qxh7 O-O-O 24. Rac1 c4 25. Qh5 Qb7 26. Rf2 Bd5 27. Qe2 Rxg2 28. dxc4 Be4 29. Rxg2 Rg8 30. Rcg1 f4 31. Nc5 Bxg2+ 32. Rxg2 Qc6 33. Qe4 Qxc5 34. Rxg8+ Kc7 35. Qxf4 Qc6+ 36. Kg1 Qe6 37. Qxd4 f6 38. Qc5+ Kb7 39. Rg7+ 1-0

[Event "British Columbia-ch U20"]
[Site "Richmond CAN"]
[Date "2017.11.12"]
[Round "2.8"]
[White "Chung, Alec"]
[Black "Wang, Jerry"]
[Result "1-0"]
[WhiteElo "1791"]
[BlackElo "1521"]
[WhiteFideId "-1"]
[WhiteFideId "-1"]
[PlyCount "43"]
[GameId "2160767908308969"]
[EventDate "2017.11.11"]
[EventType "swiss"]
[EventRounds "5"]
[EventCountry "CAN"]
[SourceTitle "EXT 2022"]
[Source "ChessBase"]
[SourceDate "2021.10.06"]
[SourceVersion "1"]
[SourceVersionDate "2021.10.06"]
[SourceQuality "1"]

1. c4 c5 2. Nc3 Nc6 3. g3 g6 4. Bg2 Bg7 5. e4 d6 6. Nge2 Nf6 7. d3 O-O 8. h3 a6 9. Be3 Bd7 10. O-O Re8 11. Rb1 e6 12. Qd2 Qc7 13. a3 Qa5 14. f4 Rad8 15. g4 Rf8 16. f5 gxf5 17. exf5 exf5 18. gxf5 b5 19. Bh6 Ne8 20. f6 Bxh6 21. Qxh6 Ne5 22. Nd5 1-0

[Event "British Columbia-ch U20"]
[Site "Richmond CAN"]
[Date "2017.11.12"]
[Round "2.9"]
[White "Bremner, William"]
[Black "Van, Anna"]
[Result "1/2-1/2"]
[WhiteElo "1547"]
[BlackElo "1667"]
[WhiteFideId "-1"]
[WhiteFideId "-1"]
[PlyCount "89"]
[GameId "2160767908308970"]
[EventDate "2017.11.11"]
[EventType "swiss"]
[EventRounds "5"]
[EventCountry "CAN"]
[SourceTitle "EXT 2022"]
[Source "ChessBase"]
[SourceDate "2021.10.06"]
[SourceVersion "1"]
[SourceVersionDate "2021.10.06"]
[SourceQuality "1"]

1. Nf3 d5 2. d4 Nf6 3. c4 c6 4. Qc2 e6 5. g3 Bd6 6. Nbd2 Nbd7 7. Bg2 Qe7 8. O-O O-O 9. e4 dxe4 10. Nxe4 Nxe4 11. Qxe4 Nf6 12. Qc2 h6 13. b3 Ba3 14. Bxa3 Qxa3 15. Rad1 Qd6 16. Rfe1 Rd8 17. Ne5 Qc7 18. b4 Qb6 19. Qc3 a5 20. a3 axb4 21. axb4 Ra4 22. b5 cxb5 23. c5 Qa5 24. Qxa5 Rxa5 25. c6 Nd5 26. Ra1 Ra6 27. cxb7 Bxb7 28. Rxa6 Bxa6 29. Ra1 Ra8 30. Bxd5 exd5 31. Nd3 Bb7 32. Rb1 Ra5 33. Kg2 f5 34. Kf3 g5 35. Rb3 Kf7 36. h4 Ke7 37. hxg5 hxg5 38. Ke3 Kd6 39. Ne5 Ke6 40. Nf3 Kf6 41. Ne5 Ke6 42. Nf3 Kf6 43. Ne5 Ke7 44. Nf3 Kf6 45. Ne5 1/2-1/2

[Event "British Columbia-ch U20"]
[Site "Richmond CAN"]
[Date "2017.11.12"]
[Round "2.10"]
[White "Taylor, Tristan"]
[Black "Xu, Andrew"]
[Result "1-0"]
[WhiteElo "1592"]
[BlackElo "1450"]
[WhiteFideId "-1"]
[WhiteFideId "-1"]
[PlyCount "153"]
[GameId "2160767908308971"]
[EventDate "2017.11.11"]
[EventType "swiss"]
[EventRounds "5"]
[EventCountry "CAN"]
[SourceTitle "EXT 2022"]
[Source "ChessBase"]
[SourceDate "2021.10.06"]
[SourceVersion "1"]
[SourceVersionDate "2021.10.06"]
[SourceQuality "1"]

1. e4 e5 2. Nf3 Nc6 3. Bb5 a6 4. Ba4 Nf6 5. O-O Be7 6. Re1 b5 7. Bb3 d6 8. c3 O-O 9. h3 Bb7 10. d3 h6 11. Nbd2 Re8 12. Nf1 Bf8 13. Ng3 g6 14. Bd2 Bg7 15. Qc1 h5 16. Bg5 Na5 17. Bc2 c5 18. a3 Nc6 19. Bb3 a5 20. Nh4 a4 21. Ba2 b4 22. axb4 cxb4 23. Bc4 bxc3 24. Qxc3 Nd4 25. Ne2 Ne6 26. Bxe6 Rxe6 27. Qb4 Qd7 28. Nc3 Bc6 29. Nf3 Ree8 30. Na2 Reb8 31. Qd2 Qb7 32. Re2 Ra6 33. Qc3 Rb6 34. Bc1 Rb3 35. Qc2 Bb5 36. Nc3 Rc8 37. Qd1 Rb4 38. Rc2 Bd7 39. Nd2 Rd4 40. Nf3 Rb4 41. Ra3 Be6 42. Nxa4 Rxc2 43. Qxc2 Bb3 44. Rxb3 Rxb3 45. Nc3 Rb6 46. Nd2 Qc8 47. Nc4 Rc6 48. Nb5 Nd7 49. Na7 Qa8 50. Nxc6 Qxc6 51. Be3 f5 52. Na3 Qxc2 53. Nxc2 Bf6 54. Kf1 Kf7 55. Ke2 Ke6 56. Nb4 Bd8 57. Nd5 Nc5 58. b4 Nb7 59. f3 g5 60. Kd2 f4 61. Bf2 h4 62. Kc3 Kd7 63. Kc4 Bc7 64. Nxc7 Kxc7 65. Kb5 Nd8 66. Bb6+ Kc8 67. Bxd8 Kxd8 68. Kc6 Kc8 69. b5 Kb8 70. b6 Ka8 71. b7+ Kb8 72. Kxd6 Kxb7 73. Kxe5 Kc6 74. d4 Kd7 75. d5 Ke7 76. d6+ Kd7 77. Kd5 1-0

[Event "British Columbia-ch U20"]
[Site "Richmond CAN"]
[Date "2017.11.12"]
[Round "3.1"]
[White "Hemstapat, Andrew"]
[Black "Doknjas, Joshua"]
[Result "1/2-1/2"]
[WhiteElo "2098"]
[BlackElo "2259"]
[WhiteFideId "-1"]
[WhiteFideId "-1"]
[PlyCount "177"]
[GameId "2160767908308972"]
[EventDate "2017.11.11"]
[EventType "swiss"]
[EventRounds "5"]
[EventCountry "CAN"]
[SourceTitle "EXT 2022"]
[Source "ChessBase"]
[SourceDate "2021.10.06"]
[SourceVersion "1"]
[SourceVersionDate "2021.10.06"]
[SourceQuality "1"]

1. e4 c5 2. Nf3 d6 3. d4 cxd4 4. Nxd4 Nf6 5. Nc3 a6 6. Bg5 Nbd7 7. Bc4 Qb6 8. Bb3 e6 9. O-O Be7 10. a4 Nc5 11. a5 Qc7 12. Re1 O-O 13. Ba2 b5 14. axb6 Qxb6 15. Rb1 Bb7 16. b4 Ncd7 17. Na4 Qc7 18. f3 Rfe8 19. c4 Rac8 20. Qd2 Qb8 21. Be3 Bd8 22. Bf2 Bc7 23. g3 Qa8 24. Bb3 Ne5 25. Rbc1 Rcd8 26. Qc3 Rc8 27. c5 Bd8 28. Qe3 dxc5 29. bxc5 Nfd7 30. Red1 Kh8 31. h3 Re7 32. Be1 Bc7 33. Bb4 Nc6 34. Nxc6 Bxc6 35. Nb6 Bxb6 36. cxb6 Ree8 37. Bd6 Qb7 38. Bc7 Bb5 39. h4 Rg8 40. h5 h6 41. Rc2 Nf6 42. g4 Kh7 43. Rdc1 Nd7 44. Qd4 Nb8 45. Bc4 Nc6 46. Qc5 Bxc4 47. Rxc4 Nb8 48. Rd1 Kh8 49. Kh1 Rgf8 50. Qd6 a5 51. Rc2 Na6 52. g5 hxg5 53. h6 gxh6 54. Rh2 Kg7 55. Qe5+ f6 56. Qxe6 Rf7 57. Qh3 Rh8 58. Rd8 Rh7 59. Qc8 Qxc8 60. Rxc8 Kg6 61. Rc2 Nxc7 62. R2xc7 Rxc7 63. Rxc7 Rh8 64. Rc6 Kf7 65. Kg2 Rb8 66. e5 fxe5 67. Rxh6 Ke7 68. Kg3 Kd7 69. Kg4 Rf8 70. Rh7+ Kc6 71. b7 a4 72. Kxg5 a3 73. Kg4 a2 74. Rh1 Kxb7 75. Ra1 Rf4+ 76. Kg5 Rxf3 77. Rxa2 Kc6 78. Ra5 Kd6 79. Kg4 Rf4+ 80. Kg3 Ke6 81. Rb5 Rf8 82. Kg4 e4 83. Kg3 Kd6 84. Kg2 Rf7 85. Kg3 e3 86. Rb3 Re7 87. Rb1 Kd5 88. Kf3 Kd4 89. Rd1+ 1/2-1/2

[Event "British Columbia-ch U20"]
[Site "Richmond CAN"]
[Date "2017.11.12"]
[Round "3.2"]
[White "Doknjas, John"]
[Black "Richardson, Kai"]
[Result "1/2-1/2"]
[WhiteElo "2276"]
[BlackElo "2068"]
[WhiteFideId "-1"]
[WhiteFideId "-1"]
[PlyCount "106"]
[GameId "2160767908308973"]
[EventDate "2017.11.11"]
[EventType "swiss"]
[EventRounds "5"]
[EventCountry "CAN"]
[SourceTitle "EXT 2022"]
[Source "ChessBase"]
[SourceDate "2021.10.06"]
[SourceVersion "1"]
[SourceVersionDate "2021.10.06"]
[SourceQuality "1"]

1. e4 e5 2. Bc4 Nc6 3. Nc3 Bc5 4. Qg4 Bf8 5. Qg3 d6 6. Nge2 Na5 7. Bb3 Nxb3 8. axb3 g6 9. O-O Bg7 10. f4 exf4 11. Qxf4 Nh6 12. d3 O-O 13. Qg3 Ng4 14. h3 Ne5 15. Bg5 f6 16. Be3 b6 17. Rf2 g5 18. Nd4 h5 19. Nf5 h4 20. Qh2 Bxf5 21. Rxf5 Ng6 22. Raf1 c6 23. Ne2 Qd7 24. Nd4 Rae8 25. Bd2 c5 26. Ne2 Re5 27. Kh1 Rxf5 28. Rxf5 Ne7 29. Rf2 d5 30. Nc3 d4 31. Ne2 b5 32. g3 Ng6 33. gxh4 Nxh4 34. Ng3 c4 35. Nf5 Nxf5 36. Rxf5 Qc6 37. Bb4 cxd3 38. cxd3 Qc1+ 39. Qg1 Rc8 40. Qxc1 Rxc1+ 41. Kg2 Rd1 42. Rf3 Kf7 43. Kg3 Bf8 44. Bxf8 Kxf8 45. Rxf6+ Ke7 46. Rf3 Rd2 47. Kg4 Rg2+ 48. Kf5 a5 49. Rf1 Rxb2 50. Ra1 Rxb3 51. Rxa5 Rxd3 52. Rxb5 Rxh3 53. Kxg5 d3 1/2-1/2